000 00683nam a22001937a 4500
005 20251108165817.0
008 250721s1995 xx 000 0 ara d
082 1 4 _aط/211.81/زهي
100 1 _aيازجي، زهير مصطفى
245 1 0 _aيوسف الذي اعطي شطر الحسن من قصص الانبياء عليهم السلام :
_bيوسف الذي اعطي شطر الحسن /
264 1 _aحلب :
_bدار القلم العربي،
_c1995.
300 _a16ج0
490 0 _aفجر الهدي و الايمان
650 1 7 _aالانبياء
650 1 7 _aالقرآن الكريم
650 1 7 _aمباحث اخري
942 _2ddc
_cBK
999 _c31880
_d31880